Available nutrient status of the rubber(Hevea brasiliensis) growing soils of Tripura (Record no. 51613)

MARC details
000 -LEADER
fixed length control field 00545nam a2200193Ia 4500
100 ## - MAIN ENTRY--AUTHOR NAME
Personal name Choudhury M.
245 #0 - TITLE STATEMENT
Title Available nutrient status of the rubber(Hevea brasiliensis) growing soils of Tripura
260 ## - PUBLICATION, DISTRIBUTION, ETC. (IMPRINT)
Name of publisher Indian Journal of Natural Rubber Research
Year of publication 2001
300 ## - PHYSICAL DESCRIPTION
Number of Pages 66-70
650 ## - SUBJECT ADDED ENTRY--TOPICAL TERM
Topical Term Nutrient status
650 ## - SUBJECT ADDED ENTRY--TOPICAL TERM
Topical Term Rubber growing soil
650 ## - SUBJECT ADDED ENTRY--TOPICAL TERM
Topical Term Tripura
700 ## - ADDED ENTRY--PERSONAL NAME
Personal name Chakraborty S.K.
700 ## - ADDED ENTRY--PERSONAL NAME
Personal name Dey S.K.
700 ## - ADDED ENTRY--PERSONAL NAME
Personal name Pal T.K.
700 ## - ADDED ENTRY--PERSONAL NAME
Personal name Sarma A.C.
942 ## - ADDED ENTRY ELEMENTS (KOHA)
Koha item type Bibliography STAF
Holdings
Withdrawn status Lost status Damaged status Not for loan Home library Current library Date acquired Serial Enumeration / chronology Koha item type
      Bibliography RRII Library RRII Library 09/04/2014 Volume 14, Issue 1 Bibliography STAF